A Short History of Hinduism; (Record no. 17695)
[ view plain ]
| 000 -LEADER | |
|---|---|
| fixed length control field | 00650nam a22001937a 4500 |
| 003 - CONTROL NUMBER IDENTIFIER | |
| control field | BDDh-ASL |
| 005 - DATE AND TIME OF LATEST TRANSACTION | |
| control field | 20231015025627.0 |
| 008 - FIXED-LENGTH DATA ELEMENTS--GENERAL INFORMATION | |
| fixed length control field | 200728b1992 xxkac||| |||| 00| 0 eng | |
| 040 ## - CATALOGING SOURCE | |
| Original cataloging agency | BDDh-ASL |
| Transcribing agency | BDDh-ASL |
| Modifying agency | BDDh-ASL |
| 082 ## - DEWEY DECIMAL CLASSIFICATION NUMBER | |
| Edition number | 294 |
| Item number | BRS |
| 100 ## - MAIN ENTRY--PERSONAL NAME | |
| 9 (RLIN) | 574 |
| Personal name | Brockington, J. L. |
| Fuller form of name | J. L. Brockington |
| 245 ## - TITLE STATEMENT | |
| Title | A Short History of Hinduism; |
| Remainder of title | The Sccred Thread/ |
| Statement of responsibility, etc. | J. L. Brockington |
| 260 ## - PUBLICATION, DISTRIBUTION, ETC. | |
| Place of publication, distribution, etc. | Edinburgh, UK: |
| Name of publisher, distributor, etc. | Edinburgh University Press, |
| Date of publication, distribution, etc. | 1992. |
| 300 ## - PHYSICAL DESCRIPTION | |
| Extent | ix, 222 p.: |
| Other physical details | ill.; |
| Dimensions | 22 cm. |
| 504 ## - BIBLIOGRAPHY, ETC. NOTE | |
| Bibliography, etc. note | Includes bibliographical references and index. |
| 650 #0 - SUBJECT ADDED ENTRY--TOPICAL TERM | |
| 9 (RLIN) | 575 |
| Topical term or geographic name entry element | Hinduism |
| Geographic subdivision | South Asia |
| 651 #0 - SUBJECT ADDED ENTRY--GEOGRAPHIC NAME | |
| 9 (RLIN) | 519 |
| Geographic name | India |
| General subdivision | Religion. |
| 942 ## - ADDED ENTRY ELEMENTS (KOHA) | |
| Source of classification or shelving scheme | Dewey Decimal Classification |
| Koha item type | Books |
| Withdrawn status | Lost status | Source of classification or shelving scheme | Damaged status | Not for loan | Collection code | Home library | Current library | Shelving location | Date acquired | Source of acquisition | Total Checkouts | Full call number | Barcode | Date last seen | Copy number | Price effective from | Koha item type | Public note |
|---|---|---|---|---|---|---|---|---|---|---|---|---|---|---|---|---|---|---|
| Dewey Decimal Classification | Non-fiction | Asiatic Society Library | Asiatic Society Library | Ludden Collection | 07/28/2020 | Donated by Prof. David Ludden | 294 BRS | 100811 | 07/28/2020 | C-1 | 07/28/2020 | Books | RARE |